Max Bill / (Record no. 12152)
[ view plain ]
| 000 -CABECERA | |
|---|---|
| campo de control de longitud fija | 01412nam a22003257a 4500 |
| 003 - IDENTIFICADOR DEL NÚMERO DE CONTROL | |
| campo de control | OSt |
| 005 - FECHA Y HORA DE LA ÚLTIMA TRANSACCIÓN | |
| campo de control | 20260530113912.0 |
| 008 - DATOS DE LONGITUD FIJA--INFORMACIÓN GENERAL | |
| campo de control de longitud fija | 260505b1955 agr||||| |||| 00| 0 eng d |
| 040 ## - FUENTE DE LA CATALOGACIÓN | |
| Centro catalogador/agencia de origen | ICI |
| Lengua de catalogación | spa |
| Centro/agencia transcriptor | ICI |
| 041 ## - CÓDIGO DE LENGUA | |
| Código de lengua del texto/banda sonora o título independiente | eng |
| 050 4# - SIGNATURA TOPOGRÁFICA DE LA BIBLIOTECA DEL CONGRESO | |
| Número de clasificación | N7153.B5 |
| Número de documento/Ítem | A4 2015 |
| 100 1# - ENTRADA PRINCIPAL--NOMBRE DE PERSONA | |
| Nombre de persona | Bill, Max, |
| Fechas asociadas al nombre | 1908-1994, |
| Término indicativo de función/relación | artista |
| 9 (RLIN) | 33487 |
| 240 10 - TÍTULO UNIFORME | |
| Título uniforme | Obras. |
| 245 10 - MENCIÓN DE TÍTULO | |
| Título | Max Bill / |
| Mención de responsabilidad, etc. | Manuel Fontán del Junco, María Toledo (eds.) ; exts by Max Bill, Jakob Bill, Karin Gimmi, Manuel Fontán del Junco, Neus Moyano, Gillermo Zuaznabar, Fernando Marzá and María Amalia García |
| 264 ## - PRODUCCIÓN, PUBLICACIÓN, DISTRIBUCIÓN, FABRICACIÓN Y COPYRIGHT | |
| Producción, publicación, distribución, fabricación y copyright | Buenos Aires : |
| Nombre del de productor, editor, distribuidor, fabricante | Nueva Visión, |
| Fecha de producción, publicación, distribución, fabricación o copyright | 1955 |
| 300 ## - DESCRIPCIÓN FÍSICA | |
| Extensión | 147 páginas : |
| Otras características físicas | ilustraciones (principalmente a blanco y negro) |
| 500 ## - NOTA GENERAL | |
| Nota general | Catálogo de una exposición, llevada a cabo en la Fundación Juan March, el 16 de octubre en Madrid, España |
| 500 ## - NOTA GENERAL | |
| Nota general | Texto en inglés y español |
| 600 10 - PUNTO DE ACCESO ADICIONAL DE MATERIA--NOMBRE DE PERSONA | |
| Nombre de persona | Bill, Max, |
| Fechas asociadas al nombre | 1908-1994 |
| Subdivisión general | Exposición |
| 9 (RLIN) | 33488 |
| 650 4# - PUNTO DE ACCESO ADICIONAL DE MATERIA--TÉRMINO DE MATERIA | |
| Término de materia o nombre geográfico como elemento de entrada | Arte suizo |
| Subdivisión de forma | Exposiciones |
| Subdivisión cronológica | Siglo XX |
| 9 (RLIN) | 33489 |
| 700 1# - PUNTO DE ACCESO ADICIONAL--NOMBRE DE PERSONA | |
| Nombre de persona | Fontán del Junco, Manuel, |d 1963- |
| Término indicativo de función/relación | editor, |
| -- | autor |
| 9 (RLIN) | 33490 |
| 700 1# - PUNTO DE ACCESO ADICIONAL--NOMBRE DE PERSONA | |
| Nombre de persona | Toledo, María, |
| Término indicativo de función/relación | editor |
| 9 (RLIN) | 33491 |
| 700 1# - PUNTO DE ACCESO ADICIONAL--NOMBRE DE PERSONA | |
| Nombre de persona | Bill, Jakob, |
| Término indicativo de función/relación | autor |
| 9 (RLIN) | 33492 |
| 700 1# - PUNTO DE ACCESO ADICIONAL--NOMBRE DE PERSONA | |
| Nombre de persona | Gimmi, Karin, |
| Fechas asociadas al nombre | 1959- , |
| Término indicativo de función/relación | autor |
| 9 (RLIN) | 33493 |
| 700 1# - PUNTO DE ACCESO ADICIONAL--NOMBRE DE PERSONA | |
| Nombre de persona | Moyano, Neus, |
| Término indicativo de función/relación | autor |
| 9 (RLIN) | 33494 |
| 700 1# - PUNTO DE ACCESO ADICIONAL--NOMBRE DE PERSONA | |
| Nombre de persona | Zuaznabar, Gillermo, |
| Fechas asociadas al nombre | 1971- |
| Término indicativo de función/relación | autor |
| 9 (RLIN) | 33495 |
| 700 1# - PUNTO DE ACCESO ADICIONAL--NOMBRE DE PERSONA | |
| Nombre de persona | Marzá, Fernando, |
| Término indicativo de función/relación | autor |
| 9 (RLIN) | 33496 |
| 700 1# - PUNTO DE ACCESO ADICIONAL--NOMBRE DE PERSONA | |
| Nombre de persona | García, María Amalia, |
| Fechas asociadas al nombre | 1975- |
| Término indicativo de función/relación | autor |
| 9 (RLIN) | 33497 |
| 942 ## - ELEMENTOS DE PUNTO DE ACCESO ADICIONAL (KOHA) | |
| Fuente del sistema de clasificación o colocación | Library of Congress Classification |
| Tipo de ítem Koha | |
| Suprimir en OPAC | 1 |
No items available.